Transmission of power by wire ropes /

Bibliographic Details
Main Author: Stahl, Albert W.
Format: Book
Language:English
Published: New York : D. Van Nostrand, 1889.
Edition:2d ed., rev.
Series:Van Nostrand's science series ; no. 28.
Subjects:

MARC

Tag First Indicator Second Indicator Subfields
LEADER 00000cam a2200000 4500
001 in00000045840
005 20151007075314.0
008 790716s1889 nyuaf 00010 eng
010 |a  06029298  
035 |a (OCoLC)05175058 
035 |9 AAF2988AM 
040 |a DLC  |c AKU  |d TXA  |d UtOrBLW 
049 |a TXAM  |c [23311] 
050 0 |a TJ1115  |b .S78 
092 |a 621.854  |b S78t2 
100 1 |a Stahl, Albert W. 
245 1 0 |a Transmission of power by wire ropes /  |c By Albert W. Stahl ... 
250 |a 2d ed., rev. 
264 1 |a New York :  |b D. Van Nostrand,  |c 1889. 
300 |a v, 7-137 pages :  |b illustrations (including tables, diagrams) II folded plate ;  |c 15 cm. 
336 |a text  |b txt  |2 rdacontent 
337 |a unmediated  |b n  |2 rdamedia 
338 |a volume  |b nc  |2 rdacarrier 
490 1 |a Van Nostrand's science series ;  |v no. 28 
650 0 |a Wire rope. 
650 0 |a Power transmission. 
830 0 |a Van Nostrand's science series ;  |v no. 28. 
999 |a MARS 
999 f f |s f420a7d9-cc1c-3420-9189-a431fceacfdc  |i a1702f1d-6abb-3119-a68b-50c1d117e320  |t 0 
952 f f |p ric  |a Texas A&M University  |b Rellis Campus  |c Joint Library Facility  |d Remote Storage  |t 0  |e TJ1115 .S78  |h Library of Congress classification  |i unmediated -- volume  |m A14801042727 
998 f f |a TJ1115 .S78  |t 0  |l Remote Storage